[Event "Challenge"]
[Site "http://www.queenalice.com/game.php?id=75001"]
[Date "2006.6.8"]
[Round "-"]
[White "caiohps"]
[Black "franzjonas"]
[Result "0-1"]
[WhiteElo "1210"]
[BlackElo "1500"]

1. e4 e5 2. Qf3 Nc6 3. Bc4 Nf6 4. Qf5 d5 5. Bxd5 Bxf5 6. exf5 Qxd5 7. f3 Nd4 8.
Nc3 Nxc2+ 9. Kd1 Qd3 10. Rb1 Ne3+ 11. Ke1 Qf1# 0-1

[Event "Challenge"]
[Site "http://www.queenalice.com/game.php?id=75007"]
[Date "2006.6.8"]
[Round "-"]
[White "caiohps"]
[Black "LL"]
[Result "0-1"]
[WhiteElo "1210"]
[BlackElo "1488"]

1. e4 e5 2. c4 Bc5 3. Qf3 b6 4. Nc3 d6 5. Nd5 Be6 6. b3 Nc6 7. a4 Nb4 8. Rb1
Nc2+ 9. Kd1 Nf6 10. Kxc2 Bg4 11. Qg3 c6 12. Nxf6+ Qxf6 13. Qxg4 Qxf2 14. Be2 O-O
15. Qg3 Qd4 16. d3 Bb4 17. Qe3 Qc3+ 18. Kd1 f5 19. Bd2 f4 20. Qf2 Qxd2# 0-1

[Event "Challenge"]
[Site "http://www.queenalice.com/game.php?id=76507"]
[Date "2006.6.14"]
[Round "-"]
[White "LL"]
[Black "caiohps"]
[Result "1-0"]
[WhiteElo "1493"]
[BlackElo "1213"]

1. e4 e5 2. Nf3 f6 3. d4 d6 4. d5 Bg4 5. h3 Bh5 6. g4 Bg6 7. h4 Bxe4 8. g5 f5 9.
h5 c5 10. Bb5+ Kf7 11. g6+ hxg6 12. Ng5+ Kf6 13. Ne6 Qa5+ 14. Nc3 Bxd5 15. Qxd5
Rxh5 16. Bg5+ Rxg5 17. Nxf8 Ke7 18. Qe6+ Kd8 19. Qxd6+ Nd7 20. Qxd7# 1-0

[Event "Challenge"]
[Site "http://www.queenalice.com/game.php?id=76508"]
[Date "2006.6.14"]
[Round "-"]
[White "caiohps"]
[Black "franzjonas"]
[Result "0-1"]
[WhiteElo "1208"]
[BlackElo "1789"]

1. e4 d5 2. f4 dxe4 3. Nc3 Nf6 4. Nxe4 Nxe4 5. Qe2 Bf5 6. d3 Nd6 7. b4 Nc6 8. b5
Nxb5 9. c4 Nbd4 10. Qf2 e5 11. Bb2 Bb4+ 12. Kd1 Bc5 13. a4 O-O 14. fxe5 Nxe5 15.
h4 Bxd3 16. Bxd3 Nxd3 17. Qd2 Ne5 18. h5 Nxc4 19. Qc3 Nb5+ 20. Kc2 Nxc3 21. Kxc3
Qd4+ 22. Kb3 Qxb2+ 23. Kxc4 Qxa1 24. Kxc5 Qxa4 25. Nf3 Qc2+ 26. Kd4 Qxg2 27. Rh2
Qxf3 28. Rd2 Rad8+ 29. Kc5 Qc3+ 30. Kb5 c6+ 31. Ka4 b5# 0-1

[Event "Challenge"]
[Site "http://www.queenalice.com/game.php?id=87056"]
[Date "2006.7.18"]
[Round "-"]
[White "caiohps"]
[Black "drcolle"]
[Result "1-0"]
[WhiteElo "1248"]
[BlackElo "866"]

1. e4 e5 2. Bc4 Nf6 3. Qf3 d6 4. d3 Be6 5. Bb5+ Nbd7 6. Nc3 Bg4 7. Qg3 Qe7 8. f3
h5 9. fxg4 hxg4 10. b4 O-O-O 11. Qe3 d5 12. Qxa7 Qxb4 13. Qa8+ Nb8 14. Bd2 1-0

[Event "Challenge"]
[Site "http://www.queenalice.com/game.php?id=87057"]
[Date "2006.7.18"]
[Round "-"]
[White "caiohps"]
[Black "browneyedpeople"]
[Result "1-0"]
[WhiteElo "1270"]
[BlackElo "935"]

1. e4 e5 2. Bc4 Nf6 3. d3 d5 4. exd5 Nxd5 5. Bb5+ c6 6. Bc4 Qf6 7. Nf3 Bc5 8. a4
O-O 9. g4 Bxg4 10. Rg1 Bxf3 11. Qd2 Qh4 12. Qg5 1-0

[Event "Challenge"]
[Site "http://www.queenalice.com/game.php?id=90343"]
[Date "2006.7.28"]
[Round "-"]
[White "Chaplin"]
[Black "caiohps"]
[Result "1-0"]
[WhiteElo "1276"]
[BlackElo "1215"]

1. e4 e5 2. Nf3 Bc5 3. Bc4 d5 4. exd5 Bg4 5. Nc3 Nf6 6. h3 Bf5 7. g4 Nxg4 8.
hxg4 Bxg4 9. d3 a5 10. Qe2 Qf6 11. Qxe5+ Qe6 12. Nb5 Bxf3 13. Nxc7+ Kd7 14. Nxe6
fxe6 15. Qxg7+ Ke8 16. Rh3 Bg2 17. Qxh8+ Ke7 18. Rxh7+ Kd6 19. Qf6 Bb4+ 20. Bd2
Bc5 21. Qxe6# 1-0

[Event "Challenge"]
[Site "http://www.queenalice.com/game.php?id=94912"]
[Date "2006.8.12"]
[Round "-"]
[White "xavimg"]
[Black "caiohps"]
[Result "0-1"]
[WhiteElo "1341"]
[BlackElo "1250"]

1. e4 d5 2. e5 e6 3. d4 Nc6 4. c4 g5 5. cxd5 Nb4 6. dxe6 fxe6 7. Qa4+ Bd7 8. Qd1
Nh6 9. Qh5+ Nf7 10. Nf3 a6 11. Bxg5 Be7 12. Bf6 Ba4 13. Bxh8 Nc2+ 14. Ke2 Nxa1
15. Nc3 Bc6 16. g3 Kf8 17. Qxh7 Nxh8 18. Qxh8+ Kf7 19. Qh5+ Kf8 20. Bh3 Qe8 21.
Qh6+ Kf7 22. Ng5+ Kg8 23. Qxe6+ Kg7 24. Rxa1 Qh5+ 25. Qg4 Qxg5 26. Qxg5+ Bxg5
27. Ne4 Bb5+ 28. Kf3 Rf8+ 29. Kg4 Be7 30. f4 Be2# 0-1

[Event "Challenge"]
[Site "http://www.queenalice.com/game.php?id=96537"]
[Date "2006.8.17"]
[Round "-"]
[White "LL"]
[Black "caiohps"]
[Result "1-0"]
[WhiteElo "1461"]
[BlackElo "1273"]

1. e4 e5 2. Bc4 Nf6 3. Qf3 d6 4. Nh3 h6 5. O-O c5 6. d3 a5 7. Nc3 b6 8. Bb5+ Bd7
9. Bc4 Be6 10. b3 g5 11. Nb5 Qd7 12. Qxf6 Rg8 13. Nxd6+ Qxd6 14. Bb5+ Nc6 15.
Nxg5 Bg7 16. Qf3 hxg5 17. Bxg5 f6 18. Bxf6 Qf8 19. Qh5+ Bf7 20. Bxc6# 1-0

[Event "Challenge"]
[Site "http://www.queenalice.com/game.php?id=98142"]
[Date "2006.8.21"]
[Round "-"]
[White "caiohps"]
[Black "Vivi"]
[Result "1-0"]
[WhiteElo "1245"]
[BlackElo "1133"]

1. e4 d5 2. exd5 Qxd5 3. c4 Qe5+ 4. Qe2 Qxe2+ 5. Bxe2 Bf5 6. d3 e5 7. Nc3 Nc6 8.
Bf3 Bxd3 9. Kd2 Bxc4 10. b3 Be6 11. Nd5 Bd6 12. a3 Na5 13. Kd1 Nxb3 14. Bb2 Nxa1
15. Bxa1 c6 16. Nc3 Nf6 17. h4 Bb3+ 18. Kc1 Bc5 19. Kb2 Bc4 20. Nh3 Rd8 21. Na4
Bd4+ 22. Nc3 h5 23. Kc2 Ng4 24. Rf1 Nh2 25. Re1 Nxf3 26. gxf3 Bc5 27. Rxe5+ Be7
28. f4 f6 29. Re4 Bd3+ 30. Kb2 Rh6 31. f3 Rg6 32. Nf2 Be2 33. Rxe2 Rg1 34. a4
Rd7 35. Kc2 Kf8 36. Nce4 Ba3 37. Bc3 Rc1+ 38. Kb3 Ra1 39. Bxa1 Bc1 40. a5 Bxf4
41. Nh3 Bc1 42. Bb2 Bh6 43. Ba3+ Kf7 44. Nc5 Rc7 45. f4 b5 46. Na6 Rd7 47. Nb8
Rd3+ 48. Kb2 Rxh3 49. Nxc6 Bxf4 50. Nxa7 Rxh4 51. Nxb5 g5 52. a6 Bb8 53. Re7+
Kg6 54. Re8 Bf4 55. a7 g4 56. a8=Q Bd2 57. Re2 Bf4 58. Qh8 g3 59. Qg8+ Kh6 60.
Bf8# 1-0

[Event "Challenge"]
[Site "http://www.queenalice.com/game.php?id=105576"]
[Date "2006.9.13"]
[Round "-"]
[White "caiohps"]
[Black "MikeJK"]
[Result "1-0"]
[WhiteElo "1270"]
[BlackElo "1132"]

1. e4 e5 2. Nc3 Qf6 3. Qf3 Qxf3 4. gxf3 Nc6 5. d3 Nd4 6. Kd1 c5 7. b3 d6 8. h3
Be7 9. a4 b6 10. Nd5 Bh4 11. Nc7+ Kd8 12. Nxa8 Nh6 13. c4 f6 14. Ne2 Bxf2 15. h4
Nxb3 16. Rb1 Na5 17. Nc3 Bd7 18. Nb5 Kc8 19. Nxd6+ Kd8 20. h5 Bxa4+ 21. Ke2 Bd4
22. Ra1 Bxa1 23. Ba3 Rf8 24. Bh3 Bc2 25. Rxa1 Nb3 26. Rc1 Nd4+ 27. Kd2 g6 28.
Rxc2 gxh5 29. Rc1 Nxf3+ 30. Ke3 Nd4 31. Nb7+ Ke7 32. Nc7 Rb8 33. Nxc5 bxc5 34.
Bxc5+ Kd8 35. Na6 Nc6 36. Rg1 Rb7 37. Rf1 Ng4+ 38. Ke2 Nh2 39. Rxf6 Nd4+ 40. Kd2
Rb2+ 41. Kc3 Rb3+ 42. Kd2 Ng4 43. Rf8+ Kd7 44. Rf7+ Ke8 45. Rxh7 Nf3+ 46. Ke2
Nd4+ 47. Kd2 Rb2+ 48. Kc3 Rc2+ 49. Kb4 Nc6+ 50. Kb3 Nd4+ 51. Kb4 Rb2+ 52. Ka3
Nc2+ 53. Kxb2 Ne1 54. Rxh5 Nf2 55. Rxe5+ Kd8 56. Be6 Ke8 57. Rd5 Nfxd3+ 58. Kb3
Nxc5+ 59. Rxc5 Ke7 60. Re5 Kd6 61. Rd5+ Kxe6 62. Nc7+ Kf6 63. e5+ Kf5 64. e6+
Ke4 65. e7 Nd3 66. e8=Q+ Kf3 67. Rxd3+ Kf4 68. Nd5+ Kf5 69. c5 a6 70. Ne3+ Kf4
71. Qf8+ Ke4 72. Qf5# 1-0

[Event "Challenge"]
[Site "http://www.queenalice.com/game.php?id=113738"]
[Date "2006.10.5"]
[Round "-"]
[White "caiohps"]
[Black "MikeJK"]
[Result "1-0"]
[WhiteElo "1271"]
[BlackElo "1160"]

1. e4 e5 2. Nc3 Nh6 3. Bc4 Qf6 4. d3 c6 5. f3 Ng4 6. fxg4 Bc5 7. Nf3 b5 8. g5
Qg6 9. Bb3 Qh5 10. Nxe5 Qh4+ 11. g3 Qh3 12. Qf3 Rf8 13. Bf4 f6 14. gxf6 gxf6 15.
Bf7+ Rxf7 16. Nxf7 Kxf7 17. a3 d5 18. exd5 cxd5 19. Qxd5+ Kg6 20. Qxc5 Bb7 21.
Rf1 Na6 22. Qxb5 Qxh2 23. Qxb7 Re8+ 24. Ne4 Re6 25. b4 Rb6 26. Qxa7 Re6 27. g4
f5 28. c4 fxe4 29. Bxh2 exd3+ 30. Kd2 Kg5 31. Bf4+ Kf6 32. Qd4+ Ke7 33. Bg5+ Ke8
34. Qd8# 1-0